Statistics for English Footballers who don't play in England

Click here to take the quiz!

General Stats

  • This quiz has been taken 559 times
    (324 since last reset)
  • The average score is 2 of 12

Answer Stats

HintLeagueAnswer% Correct
MFBorussia DortmundBundesligaJadon Sancho
91%
FWDC UnitedMLSWayne Rooney
81%
FWNew York Red BullsMLSBradley Wright-Phillips
37%
FWCelticSPLScott Sinclair
16%
DFRangersSPLJon Flanagan
5%
DFAlanyasporSuper LigSteven Caulker
5%
FWGoztepe SKSuper LigCameron Jerome
3%
FWConsadole SapporoJ LeagueJay Bothroyd
3%
DFReal Salt LakeMLSNedum Onuoha
2%
MFGyeongnam FCK LeagueJordon Mutch
1%
FWOmonia NicosiaA KatigoriaMatt Derbyshire
1%
DFNew England RevolutionMLSMichael Mancienne
1%

Score Distribution

Percentile by Number Answered

Percent of People with Each Score

Your Score History

You have not taken this quiz since the last reset